| 000 | 00881nas a2200277 4500 | ||
|---|---|---|---|
| 001 | BR2011000265 | ||
| 003 | BR-BrBNA | ||
| 005 | 20231205114407.0 | ||
| 007 | ta | ||
| 008 | 230509b bl.|||p| |||| 00| 00por d | ||
| 040 |
_aBR-BrBNA _bpor _cBiblioteca Nacional de Agricultura |
||
| 041 | _a(Pt) | ||
| 072 | _aH01; Q03 | ||
| 100 | 1 | _aTácio, M.B. | |
| 100 | 1 | _aOliveira, M.L. de | |
| 100 | 1 | _aMachado Neto, J.G. | |
| 245 | 1 | _aSegurança no preparo de calda com formulações líquidas de agrotóxicos para a cultura da goiaba | |
| 650 | _aGOIABA | ||
| 650 | _aAGROTÓXICO | ||
| 650 | _aINTOXICAÇÃO | ||
| 650 | _aPREVENÇÃO DE ACIDENTE | ||
| 650 | _aANÁLISE QUANTITATIVA | ||
| 773 | 0 |
_tRevista Brasileira de Fruticultura (Brazil) _xISSN 0100-2945 _g(Sep 2010), v. 32(3) p. 726-735 _wBR2011000265 |
|
| 909 |
_a202311 _bLúcia _c55 _dLúcia Elande |
||
| 942 |
_2AGRIS _n0 _cANA |
||
| 999 |
_c208567 _d208567 |
||